000 002390000a22000970004500
100 1 _aNouwen, Henri J. M. (1932-1996)
245 1 0 _aLiberation : Freedom to love
300 _aNúm 7 (1985), Páginas 14-15
773 0 _tTogether
942 _cANA
999 _c56992
_d56992